[Event "Titled Tue 10th Jun Late"]
[Site "chess.com INT"]
[Date "2025.06.10"]
[Round "2"]
[White "Haszon, David"]
[Black "Risteski, Emil"]
[Result "0-1"]
[WhiteTitle "FM"]
[BlackTitle "IM"]
[WhiteElo "2264"]
[BlackElo "2374"]
[WhiteFideId "733610"]
[BlackFideId "15005267"]
[EventDate "2025.06.10"]

1. e4 g6 2. d4 Bg7 3. Nc3 c6 4. Nf3 d5 5. h3 dxe4 6. Nxe4 Nf6 7. Nxf6+ exf6 8.
Bc4 O-O 9. O-O Nd7 10. c3 b5 11. Bb3 Nb6 12. Re1 a5 13. a3 a4 14. Ba2 Re8 15.
Bf4 Be6 16. Bxe6 Rxe6 17. Rxe6 fxe6 18. Qe2 Qd5 19. Re1 Re8 20. Nd2 Nc4 21. Nxc4
Qxc4 22. Qxc4 bxc4 23. Bd6 Kf7 24. f3 Rd8 25. Bb4 Rd5 26. Kf2 f5 27. f4 g5 28.
fxg5 e5 29. dxe5 Bxe5 30. Re2 c5 31. Ba5 Kg6 32. Bd8 f4 33. h4 Kf5 34. Be7 Bc7
35. Bf6 Bd6 36. Ke1 Rd3 37. Rd2 Kg4 38. Rxd3 cxd3 39. Kd2 c4 40. Ke1 Kf5 41. Bd4
Kg4 42. Bf6 Bc5 43. Kd1 Bf2 44. Be7 Bxh4 45. g6 hxg6 0-1

[Event "Titled Tue 10th Jun Late"]
[Site "chess.com INT"]
[Date "2025.06.10"]
[Round "2"]
[White "Urbina Perez, Juan Antonio"]
[Black "Montano Vicente, Guadalupe"]
[Result "1-0"]
[WhiteTitle "FM"]
[WhiteElo "2221"]
[BlackElo "1938"]
[WhiteFideId "2217368"]
[BlackFideId "5181399"]
[EventDate "2025.06.10"]

1. e4 c5 2. Nf3 d6 3. Bb5+ Nd7 4. d4 cxd4 5. Qxd4 a6 6. Bxd7+ Bxd7 7. Nc3 e5 8.
Qd3 h6 9. Nd2 Be6 10. Nc4 Rc8 11. Ne3 Nf6 12. O-O Be7 13. Rd1 O-O 14. a4 Qa5 15.
Bd2 Qc5 16. Rac1 Bd8 17. Be1 Ba5 18. Qxd6 Bxc3 19. Qxc5 Rxc5 20. Bxc3 Rfc8 21.
f3 a5 22. Rd6 b5 23. axb5 Rxb5 24. Ra1 Rcc5 25. Ra6 Nh5 26. R6xa5 Nf4 27. Rxb5
Rxb5 28. Kf2 g5 29. g3 Ng6 30. Ra5 Rb7 31. b3 Rc7 32. Bxe5 Nxe5 33. Rxe5 1-0

[Event "Titled Tue 10th Jun Late"]
[Site "chess.com INT"]
[Date "2025.06.10"]
[Round "2"]
[White "Ferey, Antonin"]
[Black "Sarasketa Irastortza, Oier"]
[Result "1-0"]
[WhiteTitle "CM"]
[BlackTitle "CM"]
[WhiteElo "2238"]
[BlackElo "2190"]
[WhiteFideId "36051454"]
[BlackFideId "54728207"]
[EventDate "2025.06.10"]

1. Nf3 Nf6 2. b3 b6 3. Bb2 Bb7 4. e3 g6 5. c4 Bg7 6. Nc3 c5 7. Be2 O-O 8. O-O
Nc6 9. d4 cxd4 10. Nxd4 Nxd4 11. Qxd4 Ne4 12. Qd3 Nxc3 13. Bxc3 Bxc3 14. Qxc3 d6
15. Rad1 Rc8 16. Qd4 Qc7 17. h4 Qc5 18. h5 Qg5 19. e4 f5 20. hxg6 hxg6 21. Bf3
f4 22. Rfe1 Kf7 23. Kf1 Rc5 24. Ke2 b5 25. cxb5 Rc2+ 26. Rd2 Qxb5+ 27. Kd1 Rxd2+
28. Qxd2 Rc8 29. Qxf4+ Kg7 30. Qd2 Qc5 31. Qb2+ Kg8 32. Re3 Qe5 33. Qxe5 dxe5
34. Be2 Rd8+ 35. Kc2 Rd4 36. Bc4+ Kg7 37. f3 Kf6 38. Kc3 1-0

[Event "Titled Tue 10th Jun Late"]
[Site "chess.com INT"]
[Date "2025.06.10"]
[Round "2"]
[White "Terron Elena, Francisco M."]
[Black "Tamer Waguih, Farid"]
[Result "0-1"]
[WhiteTitle "FM"]
[BlackTitle "FM"]
[WhiteElo "2148"]
[BlackElo "2300"]
[WhiteFideId "2210576"]
[BlackFideId "10685723"]
[EventDate "2025.06.10"]

1. e4 c5 2. Nf3 Nc6 3. c3 Nf6 4. e5 Nd5 5. d4 cxd4 6. Bc4 Nb6 7. Bb3 d5 8. cxd4
Bg4 9. Be3 e6 10. O-O Be7 11. h3 Bh5 12. Nbd2 O-O 13. a3 Na5 14. Ba2 Rc8 15. Rc1
Nac4 16. Nxc4 Nxc4 17. Bxc4 dxc4 18. Qa4 Bxf3 19. gxf3 Qd5 20. f4 Rfd8 21. Qd1
b5 22. Qg4 g6 23. Kh2 h5 24. Qg3 a5 25. Rg1 b4 26. axb4 axb4 27. f5 exf5 28. Bg5
Bxg5 29. Qxg5 Qxd4 30. Qxf5 Rc6 31. Rg2 Re8 32. f4 c3 33. bxc3 bxc3 34. Rcg1
Ree6 35. Qxh5 Qxf4+ 36. Kh1 c2 0-1

[Event "Titled Tue 10th Jun Late"]
[Site "chess.com INT"]
[Date "2025.06.10"]
[Round "2"]
[White "Pica, Eleni"]
[Black "Goryachkina, Aleksandra"]
[Result "0-1"]
[WhiteTitle "WCM"]
[BlackTitle "GM"]
[WhiteElo "1686"]
[BlackElo "2533"]
[WhiteFideId "5910005"]
[BlackFideId "4147103"]
[EventDate "2025.06.10"]

1. d4 Nf6 2. c4 g6 3. Nc3 Bg7 4. e4 d6 5. Be2 O-O 6. Bg5 c6 7. Qd2 Nbd7 8. Bh6
Bxh6 9. Qxh6 b5 10. cxb5 cxb5 11. f3 b4 12. Nd1 Qb6 13. Qe3 Ba6 14. Bxa6 Qxa6
15. Ne2 Rac8 16. Qd2 Qb5 17. O-O Rc7 18. Rc1 Rfc8 19. Rxc7 Rxc7 20. Ne3 a5 21.
Rc1 Rxc1+ 22. Nxc1 Nb6 23. Qd3 Qc6 24. Nb3 a4 25. Nd2 Qc1+ 26. Kf2 Qxb2 27. Kg3
Nh5+ 28. Kh3 Nf4+ 0-1

[Event "Titled Tue 10th Jun Late"]
[Site "chess.com INT"]
[Date "2025.06.10"]
[Round "2"]
[White "Goldbeck, Lars"]
[Black "Atis, Hasan"]
[Result "0-1"]
[WhiteTitle "FM"]
[BlackTitle "CM"]
[WhiteElo "2391"]
[BlackElo "2089"]
[WhiteFideId "16208188"]
[BlackFideId "44598017"]
[EventDate "2025.06.10"]

1. e4 c5 2. c3 e6 3. d4 cxd4 4. cxd4 Nf6 5. Nc3 b6 6. e5 Nd5 7. Nxd5 exd5 8. Ne2
Be7 9. Nc3 Bb7 10. Be2 d6 11. exd6 Qxd6 12. Bf3 O-O 13. O-O Bf6 14. Be3 Na6 15.
Rc1 Nc7 16. g3 Rac8 17. Qa4 a6 18. Qb3 b5 19. Bf4 Qd7 20. Rfd1 Rfd8 21. Kg2 h6
22. h4 Ne6 23. Be3 Rc4 24. Be2 Nxd4 25. Bxd4 Rxd4 26. Rxd4 Bxd4 27. Bf3 Ba7 28.
Rd1 d4 29. Ne4 Bd5 30. Qd3 Qc6 31. b3 Re8 32. Re1 Kf8 33. Re2 Qg6 34. Qc2 Qf5
35. Qd3 g6 36. a4 Bc6 37. axb5 Bxb5 38. Nd6 Qxd3 0-1

[Event "Titled Tue 10th Jun Late"]
[Site "chess.com INT"]
[Date "2025.06.10"]
[Round "2"]
[White "Sieciechowicz, Marcin"]
[Black "Ngo, Quang Thai"]
[Result "1-0"]
[WhiteTitle "IM"]
[BlackTitle "FM"]
[WhiteElo "2413"]
[BlackElo "2326"]
[WhiteFideId "1130170"]
[BlackFideId "12403768"]
[EventDate "2025.06.10"]

1. d4 Nf6 2. c4 e6 3. Nc3 Bb4 4. f3 c5 5. d5 b5 6. e4 d6 7. Ne2 bxc4 8. Nf4 e5
9. Ne2 Nbd7 10. Ng3 Nb6 11. Be2 Ng8 12. O-O Ne7 13. f4 exf4 14. Bxf4 Ng6 15. Qd2
O-O 16. Rae1 Qf6 17. Nf5 Bxf5 18. exf5 Nxf4 19. Rxf4 Rae8 20. Bxc4 Nxc4 21. Rxc4
Qxf5 22. Rf1 Qg6 23. a3 Ba5 24. Ra4 Bb6 25. h3 Re5 26. Rg4 Qh5 27. Qf4 f6 28.
Ne4 Rxd5 29. Nxf6+ Rxf6 30. Rxg7+ 1-0

[Event "Titled Tue 10th Jun Late"]
[Site "chess.com INT"]
[Date "2025.06.10"]
[Round "2"]
[White "Gerbelli Neto, Eduardo"]
[Black "Banerjee, Supratit"]
[Result "1-0"]
[BlackTitle "FM"]
[WhiteElo "2114"]
[BlackElo "2311"]
[WhiteFideId "2103281"]
[BlackFideId "2410079"]
[EventDate "2025.06.10"]

1. e4 g6 2. Nc3 Bg7 3. f4 d6 4. Nf3 Nf6 5. Bc4 O-O 6. d3 a6 7. Bb3 b5 8. O-O Bb7
9. Qe1 Nfd7 10. f5 Nc5 11. fxg6 hxg6 12. Qh4 Bf6 13. Ng5 Bxg5 14. Bxg5 Nxb3 15.
axb3 Nc6 16. Nd5 f6 17. Nxf6+ exf6 18. Bxf6 Rxf6 19. Rxf6 Kg7 20. Raf1 Ne5 21.
d4 Qh8 22. Qxh8+ Rxh8 23. dxe5 dxe5 24. Rf7+ Kh6 25. Rxc7 Bxe4 26. Re1 Bf5 27.
Rxe5 Rd8 28. h3 Rd1+ 29. Kf2 Kg5 30. g4 Kf6 31. Ree7 Be6 32. g5+ Kf5 33. Rc5+
Rd5 34. Rxd5+ Bxd5 35. Kg3 Be4 36. c3 a5 37. h4 Bc2 38. Rb7 Bd3 39. Ra7 a4 40.
bxa4 bxa4 41. Ra5+ Ke4 42. Rxa4+ Ke3 43. Rd4 Bf5 44. b4 1-0

[Event "Titled Tue 10th Jun Late"]
[Site "chess.com INT"]
[Date "2025.06.10"]
[Round "2"]
[White "Jimenez Salas, Maria Teresa"]
[Black "Qi, Jenny"]
[Result "1-0"]
[WhiteTitle "WIM"]
[BlackTitle "WFM"]
[WhiteElo "2170"]
[BlackElo "1946"]
[WhiteFideId "3843866"]
[BlackFideId "30995914"]
[EventDate "2025.06.10"]

1. e4 c6 2. d4 d5 3. Nc3 dxe4 4. Nxe4 Nf6 5. Nxf6+ exf6 6. Bc4 Be6 7. Qe2 Qe7 8.
Be3 Bxc4 9. Qxc4 Qb4+ 10. Qxb4 Bxb4+ 11. c3 Bd6 12. Ne2 O-O 13. Bf4 Bxf4 14.
Nxf4 Re8+ 15. Kd2 Nd7 16. Rhe1 Nb6 17. b3 Kf8 18. Rxe8+ Rxe8 19. Re1 Rxe1 20.
Kxe1 Ke7 21. Kd2 g5 22. Nd3 Nd5 23. Nc5 b6 24. Nd3 Ke6 25. c4 Ne7 26. Kc3 f5 27.
Nb4 f4 28. Kd3 h5 29. Ke4 f5+ 30. Kd3 g4 31. f3 g3 32. h3 Kd6 33. Ke2 c5 34.
dxc5+ bxc5 35. Nd3 Ng6 36. Kd2 h4 37. Kc3 a5 38. a3 Kc6 39. b4 axb4+ 40. axb4
cxb4+ 41. Kxb4 Kb6 42. c5+ Kc6 43. Kc4 Nf8 44. Nxf4 Nd7 45. Ng6 Nxc5 46. Nxh4 f4
47. Kd4 Ne6+ 48. Ke5 Kd7 49. Ng6 Ng5 50. Nxf4 Ke7 51. Kf5 1-0

[Event "Titled Tue 10th Jun Late"]
[Site "chess.com INT"]
[Date "2025.06.10"]
[Round "2"]
[White "Erigaisi, Arjun"]
[Black "Hamedi Nia, Vesal"]
[Result "1-0"]
[WhiteTitle "GM"]
[BlackTitle "WIM"]
[WhiteElo "2782"]
[BlackElo "2010"]
[WhiteFideId "35009192"]
[BlackFideId "12542253"]
[EventDate "2025.06.10"]

1. Nf3 d5 2. c4 e6 3. e3 Nf6 4. b3 Be7 5. Bb2 O-O 6. d4 a6 7. Bd3 Nbd7 8. Nc3 c5
9. cxd5 exd5 10. O-O b5 11. dxc5 Nxc5 12. Rc1 Bb7 13. Bb1 Rc8 14. Ne2 Nce4 15.
Nf4 Qd6 16. Nd4 Rxc1 17. Qxc1 Rc8 18. Qe1 Qd8 19. f3 Nd6 20. Qg3 Bf8 21. h4 Qe7
22. Re1 Re8 23. Qf2 b4 24. g4 Nd7 25. Kg2 a5 26. g5 Ne5 27. Qg3 Ng6 28. h5 Nxf4+
29. Qxf4 Qd7 30. h6 Bc8 31. hxg7 Qh3+ 32. Kf2 Bxg7 33. Qg3 Qxg3+ 34. Kxg3 Be5+
35. Kf2 Re7 36. Rh1 f5 37. Nc6 1-0

[Event "Titled Tue 10th Jun Late"]
[Site "chess.com INT"]
[Date "2025.06.10"]
[Round "2"]
[White "Pereyra, Horacio"]
[Black "Bazan Romero, Octavio Aaron"]
[Result "1-0"]
[BlackTitle "FM"]
[WhiteElo "2133"]
[BlackElo "2289"]
[WhiteFideId "113700"]
[BlackFideId "20003943"]
[EventDate "2025.06.10"]

1. d4 d5 2. Nc3 Nf6 3. Bg5 Nbd7 4. f3 e6 5. e4 dxe4 6. fxe4 Be7 7. Nf3 h6 8. Be3
c5 9. e5 Ng4 10. Bg1 cxd4 11. Qxd4 h5 12. O-O-O Qa5 13. Bb5 O-O 14. Bxd7 Rd8 15.
Qa4 Qc7 16. Bxc8 Rxd1+ 17. Kxd1 Rxc8 18. h3 Nxe5 19. Bh2 Qd8+ 20. Kc1 Nc4 21.
Rd1 Qb6 22. Qb3 Qe3+ 23. Kb1 b6 24. Bg1 Qf4 25. Rd4 Qc7 26. Nb5 Qc5 27. Rd1 a6
28. Bxc5 1-0

[Event "Titled Tue 10th Jun Late"]
[Site "chess.com INT"]
[Date "2025.06.10"]
[Round "2"]
[White "Dambaev, Dashi"]
[Black "Bustelo, Tabare"]
[Result "0-1"]
[WhiteTitle "CM"]
[BlackTitle "CM"]
[WhiteElo "2211"]
[BlackElo "2043"]
[WhiteFideId "55628494"]
[BlackFideId "3000362"]
[EventDate "2025.06.10"]

1. d4 c5 2. d5 d6 3. c4 Nf6 4. Nc3 g6 5. e4 Bg7 6. Nf3 O-O 7. Be2 Na6 8. O-O Nc7
9. a4 Bg4 10. Ne1 Bxe2 11. Qxe2 e6 12. Bf4 exd5 13. cxd5 a6 14. a5 Qe7 15. Nf3
Nb5 16. Rfe1 Nxc3 17. bxc3 Nd7 18. Qd2 Ne5 19. Nxe5 Bxe5 20. Bxe5 Qxe5 21. Rab1
Rab8 22. c4 Rfe8 23. Qb2 Qe7 24. g3 f6 25. Kg2 Kg7 26. Re3 g5 27. f3 h6 28. Rb3
g4 29. Rxb7 gxf3+ 0-1

[Event "Titled Tue 10th Jun Late"]
[Site "chess.com INT"]
[Date "2025.06.10"]
[Round "2"]
[White "Rueda Rojas, Richard Alejandro"]
[Black "Leon Acevedo, Juan Alejandro"]
[Result "1-0"]
[WhiteTitle "FM"]
[BlackTitle "CM"]
[WhiteElo "2090"]
[BlackElo "2008"]
[WhiteFideId "4491505"]
[BlackFideId "4459261"]
[EventDate "2025.06.10"]

1. d4 d5 2. c4 dxc4 3. Nf3 Nf6 4. e3 e6 5. Bxc4 a6 6. O-O b5 7. Bd3 Bb7 8. Re1
Nbd7 9. e4 Be7 10. Bf4 O-O 11. Nbd2 c5 12. e5 Nd5 13. Bg3 Qb6 14. Ne4 cxd4 15.
Neg5 g6 16. Ne4 Nb4 17. Qd2 Nxd3 18. Qxd3 Rad8 19. Qd2 Bxe4 20. Rxe4 Nc5 21. Rh4
Bxh4 22. Bxh4 Ne4 23. Qh6 d3 24. Bf6 Qxf2+ 25. Kh1 Nxf6 26. exf6 1-0

[Event "Titled Tue 10th Jun Late"]
[Site "chess.com INT"]
[Date "2025.06.10"]
[Round "2"]
[White "Kjaergaard-Jensen, Jesper"]
[Black "Labussiere, Victor"]
[Result "0-1"]
[WhiteTitle "CM"]
[BlackTitle "FM"]
[WhiteElo "2081"]
[BlackElo "2312"]
[WhiteFideId "1406990"]
[BlackFideId "2183129"]
[EventDate "2025.06.10"]

1. d4 Nf6 2. Nf3 g6 3. c3 Bg7 4. Bg5 d6 5. Nbd2 O-O 6. Bxf6 Bxf6 7. e4 b6 8. h4
h5 9. Bc4 e6 10. e5 Bg7 11. Qe2 Nd7 12. exd6 cxd6 13. O-O-O a6 14. Bxe6 fxe6 15.
Qxe6+ Kh8 16. Qxg6 Nf6 17. Ng5 Qe8 18. Qd3 Qb5 19. c4 Qf5 20. Qe2 Bd7 21. Nde4
Nxe4 22. Qxe4 d5 23. Qxd5 Qxd5 24. cxd5 Rxf2 25. Kb1 Rc8 26. Rc1 Rxc1+ 27. Rxc1
Bxd4 28. Rc2 Bf5 0-1

[Event "Titled Tue 10th Jun Late"]
[Site "chess.com INT"]
[Date "2025.06.10"]
[Round "2"]
[White "Ahn, Hongjin"]
[Black "Guha, Eshan"]
[Result "1-0"]
[WhiteTitle "IM"]
[WhiteElo "2304"]
[BlackElo "2071"]
[WhiteFideId "13201492"]
[BlackFideId "30958628"]
[EventDate "2025.06.10"]

1. e4 c6 2. d4 d5 3. exd5 cxd5 4. Nf3 Nf6 5. Ne5 Nc6 6. Bb5 Qb6 7. c4 e6 8. Nc3
Be7 9. Qa4 Bd7 10. c5 Qc7 11. Bf4 Qc8 12. O-O O-O 13. Bxc6 Bxc6 14. Qc2 Nd7 15.
Nf3 b6 16. b4 b5 17. a4 a6 18. axb5 axb5 19. Qb2 Qb7 20. Nd2 Rxa1 21. Rxa1 Ra8
22. Nb3 g5 23. Bg3 Nf6 24. Na5 Qc8 25. Be5 Nd7 26. Bg3 Nf6 27. Qd2 Nh5 28. Qe2
Ng7 29. Nxb5 Nf5 30. Rd1 Qa6 31. Nxc6 Qxc6 32. Nc3 Bf6 33. Be5 Bxe5 34. Qxe5 Ra3
35. Qe1 Qa8 36. b5 Rb3 37. b6 Qa3 38. Ne2 Qb2 39. h3 h6 40. Nc1 Rb4 41. Nd3 1-0

[Event "Titled Tue 10th Jun Late"]
[Site "chess.com INT"]
[Date "2025.06.10"]
[Round "2"]
[White "Gelman, Alexander"]
[Black "Firouzja, Alireza"]
[Result "0-1"]
[WhiteTitle "IM"]
[BlackTitle "GM"]
[WhiteElo "2403"]
[BlackElo "2766"]
[WhiteFideId "4118316"]
[BlackFideId "12573981"]
[EventDate "2025.06.10"]

1. d4 g6 2. Nc3 Bg7 3. e4 a6 4. f4 b5 5. Nf3 Bb7 6. Bd3 d6 7. a4 c5 8. axb5 cxd4
9. Ne2 Nf6 10. bxa6 Nxa6 11. Nexd4 Nxe4 12. Bb5+ Kf8 13. O-O Nc7 14. Rxa8 Qxa8
15. Bd3 Nc5 16. Be2 h6 17. f5 g5 18. c3 Bf6 19. h4 g4 20. Nh2 h5 21. Bg5 Bxg2
22. Rf2 Be4 23. Nf1 Be5 24. f6 e6 25. Bf4 Nd5 26. Bxe5 dxe5 27. Nc2 Rh6 28. Nce3
Qb8 29. Nxd5 Bxd5 30. Qd2 Rg6 31. Ng3 Ne4 32. Nxe4 Bxe4 33. Bf1 g3 34. Re2 Bf3
35. Re3 e4 36. Qd4 g2 37. Qc5+ Kg8 38. Bc4 Qh2+ 0-1

[Event "Titled Tue 10th Jun Late"]
[Site "chess.com INT"]
[Date "2025.06.10"]
[Round "2"]
[White "Xiong, Jeffery"]
[Black "Bogaudinov, Rushan"]
[Result "1-0"]
[WhiteTitle "GM"]
[BlackTitle "FM"]
[WhiteElo "2639"]
[BlackElo "1912"]
[WhiteFideId "2047640"]
[BlackFideId "4129288"]
[EventDate "2025.06.10"]

1. e4 c5 2. Nf3 e6 3. c3 Nc6 4. d4 d5 5. e5 Nge7 6. Na3 Nf5 7. Nc2 cxd4 8. cxd4
Qb6 9. Bd3 Nb4 10. Nxb4 Bxb4+ 11. Bd2 O-O 12. Bxb4 Qxb4+ 13. Qd2 Qxd2+ 14. Kxd2
Ne7 15. Rhc1 Nc6 16. Rc3 a6 17. Ke3 f6 18. exf6 gxf6 19. Bc2 Bd7 20. Re1 Rae8
21. Kd2 Kg7 22. Rb3 Na5 23. Rc3 Nc4+ 24. Kc1 Bc6 25. Nh4 Nd6 26. Rg3+ Kh8 27.
Rh3 Kg7 28. Bxh7 Rh8 29. Bd3 f5 30. Rg3+ Kf7 31. Ng6 Rhg8 32. Ne5+ Kf6 33. f3
Rxg3 34. hxg3 Bb5 35. Rh1 1-0

[Event "Titled Tue 10th Jun Late"]
[Site "chess.com INT"]
[Date "2025.06.10"]
[Round "2"]
[White "Sivakumar, Shaashwath"]
[Black "Arabidze, Meri"]
[Result "0-1"]
[WhiteTitle "FM"]
[BlackTitle "IM"]
[WhiteElo "2216"]
[BlackElo "2440"]
[WhiteFideId "30912156"]
[BlackFideId "13604040"]
[EventDate "2025.06.10"]

1. d4 Nf6 2. c4 e6 3. g3 Bb4+ 4. Bd2 Qe7 5. Nf3 Nc6 6. Nc3 d5 7. cxd5 exd5 8.
Bg2 O-O 9. O-O Re8 10. Bg5 Bxc3 11. bxc3 h6 12. Be3 Ng4 13. Bf4 g5 14. Bd2 Qxe2
15. Qc2 Bd7 16. Rae1 Qc4 17. h3 Nf6 18. Rxe8+ Rxe8 19. Rb1 Na5 20. Ne5 Qa4 21.
Qd3 Be6 22. h4 Ne4 23. Bxe4 dxe4 24. Qxe4 Nc4 25. Be3 Nxe5 26. Qxe5 Qxa2 0-1

[Event "Titled Tue 10th Jun Late"]
[Site "chess.com INT"]
[Date "2025.06.10"]
[Round "2"]
[White "Garcia Cuenca, Victor"]
[Black "Perez, Maximiliano"]
[Result "0-1"]
[WhiteTitle "FM"]
[BlackTitle "IM"]
[WhiteElo "2284"]
[BlackElo "2362"]
[WhiteFideId "2250829"]
[BlackFideId "117234"]
[EventDate "2025.06.10"]

1. d4 Nf6 2. Nf3 e6 3. e3 c5 4. Bd3 Nc6 5. c3 d5 6. O-O b6 7. Nbd2 Bb7 8. Qe2
Be7 9. dxc5 bxc5 10. e4 O-O 11. Re1 Re8 12. e5 Nd7 13. Nf1 Nf8 14. g3 a5 15. h4
a4 16. h5 a3 17. b3 f6 18. h6 g6 19. exf6 Bxf6 20. Bd2 e5 21. Bb5 e4 22. N3h2
Ne6 23. Rad1 Qe7 24. Ng4 Ng5 25. Nxf6+ Qxf6 26. Bxg5 Qxg5 27. Rxd5 Qxh6 28. Rxc5
Ne5 29. Rxe5 Rxe5 30. Ne3 Rh5 31. Qc4+ Bd5 32. Qxd5+ Rxd5 33. Nxd5 Qd2 34. Re2
Qd1+ 35. Kg2 Kg7 36. Nf4 Qb1 37. Ne6+ Kf6 38. Nc5 Rd8 39. Nxe4+ Kg7 40. Ng5 Rd1
41. f4 Rg1+ 42. Kf3 Qf1+ 43. Kg4 h5+ 44. Kh4 Rh1+ 45. Nh3 Rxh3+ 46. Kg5 Rxg3+
47. Kh4 Qh3# 0-1

[Event "Titled Tue 10th Jun Late"]
[Site "chess.com INT"]
[Date "2025.06.10"]
[Round "2"]
[White "Fernandes, Rogerio Paulo Muller"]
[Black "Klepek, Witold"]
[Result "0-1"]
[BlackTitle "CM"]
[WhiteElo "2241"]
[BlackElo "2253"]
[WhiteFideId "2101599"]
[BlackFideId "1175068"]
[EventDate "2025.06.10"]

1. c4 e5 2. g3 Nc6 3. Bg2 g6 4. Nc3 Bg7 5. d3 f5 6. Nf3 Nge7 7. O-O O-O 8. Rb1
a5 9. a3 d6 10. Bd2 h6 11. b4 Be6 12. b5 Nb8 13. a4 Nd7 14. Ne1 Qc8 15. Nc2 Nc5
16. Ne3 c6 17. Qc2 f4 18. Ned1 Nf5 19. bxc6 bxc6 20. e3 Kh7 21. Ne4 Nxe4 22.
dxe4 f3 23. Bxf3 Nh4 24. Bh1 Bh3 25. f4 Bxf1 26. Kxf1 Qh3+ 27. Kg1 exf4 28. exf4
Bd4+ 29. Be3 Bxe3+ 30. Nxe3 Rab8 31. Rxb8 Rxb8 32. gxh4 Qxe3+ 33. Kg2 Qxf4 34.
h5 Qg5+ 35. Kf2 Rf8+ 36. Bf3 Qxh5 37. Qd3 Qe5 0-1

[Event "Titled Tue 10th Jun Late"]
[Site "chess.com INT"]
[Date "2025.06.10"]
[Round "2"]
[White "Stojanovski, Sandi"]
[Black "Mahdavi, Reza"]
[Result "0-1"]
[WhiteTitle "FM"]
[BlackTitle "IM"]
[WhiteElo "2169"]
[BlackElo "2454"]
[WhiteFideId "1403249"]
[BlackFideId "12595926"]
[EventDate "2025.06.10"]

1. d3 e5 2. Nf3 Nc6 3. g3 d5 4. Bg2 Be6 5. O-O Qd7 6. Ng5 Bg4 7. c4 d4 8. a3 a5
9. Qb3 Rb8 10. Re1 f6 11. Nf3 Nge7 12. e3 h5 13. exd4 Bxf3 14. Bxf3 Nxd4 15. Qd1
Nxf3+ 16. Qxf3 Nc6 17. Be3 h4 18. Nc3 hxg3 19. hxg3 Qxd3 20. Nd5 Bd6 21. c5 Nd4
22. Qg2 Bxc5 23. Bxd4 Qxd4 24. Rad1 Qg4 25. Nxc7+ Kf8 26. Qd5 Qxg3+ 0-1

[Event "Titled Tue 10th Jun Late"]
[Site "chess.com INT"]
[Date "2025.06.10"]
[Round "2"]
[White "Yanev, Tihomir"]
[Black "Dubnevych, Maksym"]
[Result "0-1"]
[WhiteTitle "IM"]
[BlackTitle "FM"]
[WhiteElo "2354"]
[BlackElo "2296"]
[WhiteFideId "2910110"]
[BlackFideId "14184001"]
[EventDate "2025.06.10"]

1. e4 e5 2. Nf3 Nc6 3. Bb5 a6 4. Ba4 Bc5 5. O-O Nge7 6. c3 Ng6 7. d4 Ba7 8. Be3
O-O 9. Nbd2 exd4 10. cxd4 d5 11. e5 Nce7 12. Bc2 Bf5 13. Nb3 Qd7 14. Rc1 c6 15.
Ne1 f6 16. exf6 Rxf6 17. Nd3 h6 18. Nbc5 Qc7 19. g3 Re8 20. Re1 Bxc5 21. dxc5
Be4 22. Nf4 Ne5 23. Bxe4 dxe4 24. Qb3+ Kh8 25. Red1 Qc8 26. Kg2 Nf5 27. Bd4 Nh4+
28. Kh1 Nhf3 29. Bxe5 Rxe5 30. Rd6 Rxc5 0-1

[Event "Titled Tue 10th Jun Late"]
[Site "chess.com INT"]
[Date "2025.06.10"]
[Round "2"]
[White "Gurevich, Dmitry"]
[Black "Gimeno Martos, Roberto"]
[Result "1-0"]
[WhiteTitle "GM"]
[BlackTitle "CM"]
[WhiteElo "2338"]
[BlackElo "2090"]
[WhiteFideId "2000407"]
[BlackFideId "2226804"]
[EventDate "2025.06.10"]

1. d4 d5 2. c4 c6 3. e3 Nf6 4. Nc3 e6 5. Nf3 Be7 6. Bd3 O-O 7. O-O Nbd7 8. b3
Qc7 9. e4 dxe4 10. Nxe4 Nxe4 11. Bxe4 Nf6 12. Bc2 b5 13. c5 a5 14. Qe2 Nd5 15.
Re1 Bf6 16. Bg5 Qe7 17. Qe4 g6 18. Qh4 Bxg5 19. Nxg5 f6 20. Ne4 Qg7 21. Nd6 Nc7
22. Rad1 Bd7 23. Qg3 Nd5 24. Be4 b4 25. h4 f5 26. Bxd5 exd5 27. Qf4 a4 28. Re5
axb3 29. axb3 Ra3 30. Rde1 Rxb3 31. Re7 Qf6 32. Rxd7 Rd3 33. Qh6 Qh8 34. Nxf5
gxf5 35. Qg5+ 1-0

[Event "Titled Tue 10th Jun Late"]
[Site "chess.com INT"]
[Date "2025.06.10"]
[Round "2"]
[White "Venskaya, Nika"]
[Black "Silva, Luca"]
[Result "0-1"]
[WhiteTitle "WCM"]
[BlackTitle "FM"]
[WhiteElo "1926"]
[BlackElo "2211"]
[WhiteFideId "13523503"]
[BlackFideId "147370"]
[EventDate "2025.06.10"]

1. d4 d5 2. Nf3 Nf6 3. g3 e6 4. Bg2 Be7 5. O-O O-O 6. c4 dxc4 7. Qc2 b6 8. Qxc4
Bb7 9. Nc3 Nbd7 10. Bg5 c5 11. Rfd1 Rc8 12. Qb3 Qc7 13. Rac1 Qb8 14. Bxf6 Nxf6
15. dxc5 Bxc5 16. e3 Qa8 17. Ne1 Bxg2 18. Nxg2 Qf3 19. Rf1 Rfd8 20. Na4 Bf8 21.
Nc3 h5 22. h4 Qg4 23. Rcd1 e5 24. Rxd8 Rxd8 25. Rd1 Rc8 26. Ne1 Qh3 27. e4 Qg4
28. Nd5 Nxe4 29. Ne3 Qg6 30. Rd7 Nc5 31. Qc4 b5 32. Qc1 Rc6 33. Rxa7 Nd3 34. Qd1
Rc1 35. Qd2 Rxe1+ 36. Kg2 Qe4+ 37. f3 Qd4 0-1

[Event "Titled Tue 10th Jun Late"]
[Site "chess.com INT"]
[Date "2025.06.10"]
[Round "2"]
[White "Timmermans, Mark"]
[Black "Alvarado, Carlos"]
[Result "1/2-1/2"]
[WhiteTitle "IM"]
[BlackTitle "CM"]
[WhiteElo "2405"]
[BlackElo "2032"]
[WhiteFideId "1026399"]
[BlackFideId "3800555"]
[EventDate "2025.06.10"]

1. b4 e6 2. Bb2 Nf6 3. b5 c5 4. e3 b6 5. c4 Bb7 6. Nf3 Be7 7. a4 a5 8. Be2 d5 9.
O-O Nbd7 10. d4 O-O 11. Nbd2 Rc8 12. Rc1 Ne4 13. Nxe4 dxe4 14. Nd2 cxd4 15. Bxd4
Nc5 16. Nb3 Qc7 17. Nxc5 Bxc5 18. Bb2 Rfd8 19. Qb3 Rd7 20. Rfd1 Rcd8 21. Rxd7
Rxd7 22. Rd1 Qd8 23. Rxd7 Qxd7 24. Qc3 f6 25. h3 e5 26. Qc2 Qd6 27. Bc3 Kf8 28.
Kf1 Qd7 29. Ke1 Qd6 30. h4 Ke7 31. g3 Bb4 32. Qb3 Bc5 33. Bd2 Qd7 34. Kd1 Bb4
35. Qb2 Bxd2 36. Qxd2 Qxd2+ 37. Kxd2 Kd6 38. Kc3 Kc5 39. Bg4 g6 40. Be6 h6 41.
Bf7 g5 42. Be6 Ba8 43. Bc8 Kd6 44. Bf5 Bb7 45. Bg4 Kc5 46. Bf5 Kd6 47. Bg4 Kc5
48. Bf5 Kd6 1/2-1/2